00561 2200181 4500001002100000005001500021035002000036007000300056008004100059020002200100082001200122084001800134100002000152245008900172260003700261300004300298650003800341INLIS00000000000115020250130090754 a0010-0125000033ta250130 g 0 ind  a978-979-582-264-6 a631.171 a631.171 AKH p0 aAkhmad Musyafak1 aPenerapan Diseminasi Teknologi: Budi Daya Padi Lahan Pasang Surut /cAkhmad Musyafak aJakarta :bPertanianPress,c2023 axii, 116 hlm. :bIlus ;c15 cm x 21 cm 4aBudi Daya Padi Lahan Pasang Surut